00966nam a2200157Ia 4500008004100000020001800041050001700059110006600076245015500142260002800297300003500325336001000360505036900370650005500739650001400794120626s2010 mx 000 0 spa d a9786077956013 aN71 M49 2010 aInstituto Nacional de las personas adultas mayores (México) aEjes rectores de la política pública nacional a favor de las personas adultas mayoresc/ Instituto Nacional de las personas adultas mayores INAPAM aMexico b: INAPAMc2010 a88 páginas b: ilustraciones aTexto aIntroducción 1.- Los cinco ejes rectores. --- 2.- Políticas y programas de INAPAM a favor de las personas adultas mayores. --- 3.- Recomendaciones de políticas públicas a favor de las personas adultas mayores.--- 4.- Indicadores de seguimiento de las políticas públicas a favor de las personas adultas mayores. Consideraciones finales Bibliografía aPERSONAS MAYORESxPOLÍTICAS PÚBLICASzMÉXICO aANCIANOS